F1 first win 2000-2018 - Statistics

General Stats
  • This quiz has been taken 227 times
  • The average score is 16 of 19
Answer Stats
Country Year Track Driver % Correct
Canada 2007 Montreal Hamilton
98%
Hungria 2003 Hongaroring Alonso
97%
Spain 2016 Barcelona Verstappen
97%
Italy 2008 Monza Vettel
97%
Hungria 2006 Hungaroring Button
92%
Malaisia 2003 Sepang Raikkonen
92%
Canada 2014 Montreal Ricciardo
91%
Russia 2017 Sotchi Bottas
90%
China 2012 Shanghai Rosberg
88%
Turky 2006 Istanbul Massa
87%
Germany 2009 Nurburgring Webber
85%
Canada 2008 Montreal Kubica
83%
Germany 2000 Hockenheim Barrichello
81%
Spain 2012 Barcelona Maldonado
80%
Italy 2001 Monza Montoya
76%
Hungria 2008 Hungaroring Kovalainen
74%
Monaco 2004 Monaco Trulli
72%
Brasil 2003 Interlagos Fisichella
70%
Italy 2001 Imola Ralf schumacher
68%
No matching quizzes found
Score Distribution
Percent of People with Each Score
Percentile by Number Answered
Your Score History
You have not taken this quiz